000 00384nam a22001697a 4500
005 20160625114254.0
008 160625b xxu||||| |||| 00| 0 eng d
020 _a81-7649-620-0
041 _aeng
082 _b10170
100 _aSalzman, Jason
_92756
245 _aMaking the News
260 _bViva
_c2004
300 _a278
650 _aMass Communication
_92660
942 _cBK
999 _c3981
_d3980